000 00264nam a22000977a 4500
008 170105b xxu||||| |||| 00| 0 eng d
041 _aeng
080 _a618.2
245 _aTHE RN COURSE BOOK Preparation for the NCLEX-RN Examination
_cKAPLAN NURSING
942 _2udc
_cBK
999 _c2554
_d2554